| 000 | 00739nam a22002175i 4500 | ||
|---|---|---|---|
| 001 | 168552 | ||
| 003 | ES-MaACL | ||
| 005 | 20250329173413.0 | ||
| 008 | 080421s1971 sp |||| | spa d | ||
| 080 | _a1 Hegel, Georg Wilhelm Friedich | ||
| 080 | _a1 Marx, Karl | ||
| 100 | 1 |
_aMcLellan, David. _9137641 |
|
| 245 | 1 | 0 |
_aMarx y los jóvenes hegelianos / _cDavid McLellan ; [traducción de Marcial Suárez]. |
| 260 |
_a[Barcelona] : _bMartínez Roca, _c[1971] |
||
| 300 |
_a185 p. ; _c20 cm. |
||
| 600 | 1 | 4 |
_aHegel, Georg Wilhelm Friedrich. _962316 |
| 600 | 1 | 4 |
_aMarx, Karl, _d1818-1883- _xCrítica e interpretación _978591 |
| 700 | 1 |
_aSuárez, Marcial. _9108573 |
|
| 852 |
_aES-MaACL _jC-41155 _9R.80824 |
||
| 999 |
_c168552 _d168552 |
||